Normal view
MARC view
Entry Personal Name
001 - CONTROL NUMBER
- control field: 13669
003 - CONTROL NUMBER IDENTIFIER
- control field: BD-RjUL
005 - DATE AND TIME OF LATEST TRANSACTION
- control field: 20241002120833.0
008 - FIXED-LENGTH DATA ELEMENTS
- fixed length control field: 241002|| aca||aabn | a|a d
040 ## - CATALOGING SOURCE
- Original cataloging agency: BD-RjUL
- Transcribing agency: BD-RjUL
100 ## - HEADING--PERSONAL NAME
- Personal name: نظام الدين, محمد =Nizam Uddin, Muhamad
670 ## - SOURCE DATA FOUND
- Source citation: Work cat.: (BD-RjUL)84062: نظام الدين, محمد =Nizam Uddin, Muhamad, دراسات علي الشعر الاسلامي في العهد النبوي = dirasat ala alshier alaslamii fi aleahd alnabawii /, 1999